[Event "Sunway Sitges Open 2019"]
[Site "Sitges ESP"]
[Date "2019.12.15"]
[Round "3.32"]
[White "Rathanvel, V S"]
[Black "Adly, Ahmed"]
[Result "0-1"]
[WhiteTitle "FM"]
[BlackTitle "GM"]
[WhiteElo "2410"]
[BlackElo "2607"]
[WhiteFideId "25002112"]
[BlackFideId "10601619"]
[EventDate "2019.12.13"]

1. e4 c6 2. d4 d5 3. e5 Bf5 4. Nf3 e6 5. Be2 Ne7 6. O-O c5 7. dxc5 Nec6 8. Be3
Nd7 9. c4 dxc4 10. Na3 c3 11. Qb3 Bxc5 12. Bxc5 Nxc5 13. Qxc3 Na4 14. Qb3 Nb6
15. Rfd1 Qe7 16. Nb5 O-O 17. Nxa7 Nb4 18. Nd4 Rxa7 19. Nxf5 exf5 20. a3 Ra4 21.
Rd6 Nc6 22. Qxb6 Nxe5 23. Rad1 f4 24. Rd8 Ra8 25. Rxa8 Rxa8 26. Qd6 Kf8 27. Bf1
f3 28. gxf3 Nxf3+ 29. Kg2 Nh4+ 30. Kh3 Nf5 31. Qxe7+ Kxe7 32. Bg2 Nd6 33. Rc1
Kd7 34. Kg3 Ra5 35. f4 Ra4 36. Rd1 Kc7 37. Rd3 Rc4 38. b4 h6 39. Bd5 Rc2 40. h4
h5 41. a4 Rb2 42. Rb3 Rd2 43. Rc3+ Kd8 44. Bf3 Rd4 45. Rc5 Rxb4 46. Rxh5 Rxa4
47. Rd5 Ke7 48. h5 b5 49. Kg4 Ra1 50. Be2 b4 51. Rd4 Rb1 52. f5 f6 53. Kf4 Rb2
54. Bd3 Nf7 55. Bc4 Ne5 56. Be6 Rg2 57. Ke3 b3 58. Rb4 b2 59. Rb6 Rh2 60. Kd4
Nc6+ 61. Kc3 Kd6 62. Ba2 Kc5 63. Rxb2 Rxb2 64. Kxb2 Kd4 65. Be6 Ke5 66. Kc3 Nd4
67. Bf7 Nxf5 68. Kd3 Kf4 69. Bg6 Kg5 70. Ke4 Ng3+ 0-1

[Event "Sunway Sitges Open 2019"]
[Site "Sitges ESP"]
[Date "2019.12.15"]
[Round "3.33"]
[White "Svane, Rasmus"]
[Black "Trent, Lawrence"]
[Result "1-0"]
[WhiteTitle "GM"]
[BlackTitle "IM"]
[WhiteElo "2597"]
[BlackElo "2396"]
[WhiteFideId "4657101"]
[BlackFideId "408638"]
[EventDate "2019.12.13"]

1. Nf3 c5 2. c4 Nf6 3. Nc3 d5 4. cxd5 Nxd5 5. g3 Nc6 6. Bg2 Nc7 7. Qa4 Bd7 8.
Qe4 f6 9. d4 cxd4 10. Nxd4 e5 11. Nb3 Bb4 12. O-O Qe7 13. Qc2 Rc8 14. Be3 Bxc3
15. Qxc3 Ne6 16. Rfd1 O-O 17. Qd3 Rfd8 18. Qd6 Kf7 19. Qd5 Be8 20. Qe4 Kg8 21.
Rxd8 Rxd8 22. Rc1 Qd6 23. Qc4 Bf7 24. Qb5 Qd7 25. h4 Be8 26. Qc4 Bf7 27. Bxc6
bxc6 28. Qxc6 Qxc6 29. Rxc6 Nd4 30. Nxd4 exd4 31. Bxd4 Bxa2 32. e3 Bd5 33. Rc7
a6 34. g4 Bf7 35. Ra7 Bc4 36. g5 Rf8 37. Rc7 Bb5 38. Kg2 h6 39. gxf6 gxf6 40.
Kf3 Rf7 41. Rc5 Kg7 42. Kf4 Re7 43. h5 Be8 44. Rc1 Kf7 45. f3 Rd7 46. Rc8 Rd6
47. Rb8 Rc6 48. Rb7+ Kg8 49. Rb8 Kf7 50. e4 Rd6 51. Bc3 Rc6 52. Rb7+ Kg8 53. Rb8
Kf7 54. Bb4 Re6 55. Bd2 Re5 56. Bc3 Re6 57. Rb7+ Kg8 58. Kf5 Rc6 59. Bxf6 Bxh5
60. f4 Bf3 61. Rb8+ Kf7 62. e5 h5 63. Rb7+ Kf8 64. Rh7 Ke8 65. Kg6 Rc4 66. e6 1-0

[Event "Sunway Sitges Open 2019"]
[Site "Sitges ESP"]
[Date "2019.12.15"]
[Round "3.39"]
[White "Kulaots, Kaido"]
[Black "Alexiadis, Hristos"]
[Result "0-1"]
[WhiteTitle "GM"]
[BlackTitle "FM"]
[WhiteElo "2538"]
[BlackElo "2346"]
[WhiteFideId "4500261"]
[BlackFideId "4249623"]
[EventDate "2019.12.13"]

1. e4 c5 2. Nf3 d6 3. Bb5+ Nd7 4. O-O a6 5. Bd3 Ngf6 6. a4 e6 7. Re1 Be7 8. c3
O-O 9. Bc2 Qc7 10. d4 e5 11. Nbd2 cxd4 12. cxd4 exd4 13. Nxd4 Re8 14. Nf1 Bf8
15. Bg5 g6 16. Qd2 Bg7 17. Rad1 Nc5 18. Ng3 Ne6 19. Bxf6 Bxf6 20. Ndf5 Bxb2 21.
Nxd6 Rd8 22. e5 Bc3 23. Qh6 Bxe5 24. Rxe5 Rxd6 25. Rde1 Rc6 26. Nh5 Qe7 27. Bb1
Rb6 28. Bc2 Rc6 29. Bb1 Rb6 30. Nf4 Qf8 31. Qxf8+ Kxf8 32. Nd5 Rd6 33. a5 Bd7
34. h4 Bc6 35. Nb6 Rad8 36. Ba2 Nf4 37. Re7 Rf6 38. Rc7 Rd2 39. Bc4 Nxg2 40.
Ree7 Rdxf2 41. Nd5 Bxd5 42. Bxd5 Nxh4 43. Bxb7 R2f5 0-1

[Event "Sunway Sitges Open 2019"]
[Site "Sitges ESP"]
[Date "2019.12.15"]
[Round "3.41"]
[White "Sankalp, Gupta"]
[Black "Narciso Dublan, Marc"]
[Result "1/2-1/2"]
[WhiteTitle "IM"]
[BlackTitle "GM"]
[WhiteElo "2365"]
[BlackElo "2516"]
[WhiteFideId "5097010"]
[BlackFideId "2201500"]
[EventDate "2019.12.13"]

1. e4 c6 2. d4 d5 3. e5 Bf5 4. h4 h5 5. Bd3 Bxd3 6. Qxd3 Qa5+ 7. Nd2 e6 8. Nf3
Ne7 9. O-O Nf5 10. c4 Be7 11. g3 O-O 12. a3 Qd8 13. b3 a5 14. Rd1 Na6 15. cxd5
Qxd5 16. Nc4 Rad8 17. Nb6 Qb5 18. Qxb5 cxb5 19. Bb2 Nc7 20. Bc3 b4 21. axb4 Nb5
22. Bb2 Bxb4 23. Rac1 Ne7 24. Ng5 Nd5 25. Nxd5 Rxd5 26. Nh3 Rfd8 27. Nf4 R5d7
28. d5 exd5 29. e6 fxe6 30. Nxe6 Re8 31. Nxg7 Rxg7 32. Rxd5 Rc7 33. Rg5+ Kf8 34.
Rf5+ Kg8 35. Rg5+ Kf8 36. Rf5+ 1/2-1/2

[Event "Sunway Sitges Open 2019"]
[Site "Sitges ESP"]
[Date "2019.12.15"]
[Round "3.45"]
[White "Gordon, Stephen J"]
[Black "Samant, Aditya S"]
[Result "1-0"]
[WhiteTitle "GM"]
[WhiteElo "2495"]
[BlackElo "2309"]
[WhiteFideId "411477"]
[BlackFideId "35080580"]
[EventDate "2019.12.13"]

1. d4 Nf6 2. c4 e6 3. Nf3 Bb4+ 4. Nbd2 b6 5. a3 Bxd2+ 6. Qxd2 Bb7 7. e3 O-O 8.
Be2 a5 9. b3 d6 10. O-O Nbd7 11. Bb2 Qe7 12. Rad1 Ne4 13. Qc2 f5 14. d5 e5 15.
Nd2 Nxd2 16. Rxd2 Qg5 17. f4 Qh6 18. Bd3 g6 19. b4 axb4 20. axb4 Rae8 21. Rdd1
Nf6 22. h3 Qh4 23. Ra1 Qg3 24. Rf3 Qh4 25. Bf1 c6 26. Ra7 Rf7 27. c5 Nxd5 28.
cxd6 e4 29. Rf2 Nxe3 30. Qb3 Nd5 31. b5 e3 32. Re2 Nxf4 33. Rxb7 Nxe2+ 34. Bxe2
Qe1+ 35. Kh2 Rf8 36. Rxf7 1-0

[Event "Sunway Sitges Open 2019"]
[Site "Sitges ESP"]
[Date "2019.12.15"]
[Round "3.48"]
[White "Maghsoodloo, Parham"]
[Black "Bru Rullo, Llatzer"]
[Result "1-0"]
[WhiteTitle "GM"]
[BlackTitle "FM"]
[WhiteElo "2690"]
[BlackElo "2296"]
[WhiteFideId "12539929"]
[BlackFideId "22219668"]
[EventDate "2019.12.13"]

1. Nf3 Nf6 2. c4 b6 3. g3 Bb7 4. Bg2 g6 5. b3 Bg7 6. Bb2 c5 7. O-O O-O 8. d4
cxd4 9. Qxd4 d6 10. Rd1 Nbd7 11. Nc3 Ne4 12. Qe3 Nxc3 13. Bxc3 Bxc3 14. Qxc3 Qc7
15. Ne1 a6 16. Qe3 Nf6 17. a4 Rab8 18. Bxb7 Qxb7 19. Nd3 Rfc8 20. Nb4 Rc5 21.
Qd2 Qc8 22. f3 h5 23. Kg2 h4 24. Nd3 Rh5 25. Nf4 Rh7 26. g4 Nxg4 27. fxg4 Qxg4+
28. Kf2 Qf5 29. Ke1 Qe4 30. Kf2 Qf5 31. e4 Qxe4 32. Rg1 Qf5 33. Ke2 h3 34. Nd5
Qe5+ 35. Qe3 Qb2+ 36. Kf3 e6 37. Qc3 Qxc3+ 38. Nxc3 Kf8 39. Rgd1 Ke7 40. Ne4 Rd8
41. a5 bxa5 42. Rxa5 Rb8 43. Rxa6 Rxb3+ 44. Kg4 Rb2 45. c5 dxc5 46. Ra7+ Kf8 47.
Nf6 Rg2+ 48. Kf3 Rh4 49. Rdd7 Kg7 50. Rxf7+ Kh6 51. Ne4 Rxe4 52. Kxe4 Rxh2 53.
Kf4 1-0

[Event "Sunway Sitges Open 2019"]
[Site "Sitges ESP"]
[Date "2019.12.15"]
[Round "3.49"]
[White "Backiel, Hubert"]
[Black "Meers, Hubert"]
[Result "0-1"]
[WhiteElo "1860"]
[BlackElo "2161"]
[WhiteFideId "21838631"]
[BlackFideId "21817014"]
[EventDate "2019.12.13"]

1. e4 c5 2. Nf3 d6 3. Nc3 Nf6 4. g3 a6 5. Bg2 e5 6. O-O Be7 7. d3 b5 8. a4 b4 9.
Nb1 O-O 10. Nbd2 Nc6 11. b3 Ne8 12. Nc4 g6 13. Bb2 Ng7 14. Nfd2 Ne6 15. Re1 a5
16. Nf1 Ned4 17. Nfe3 Be6 18. Rf1 Rc8 19. Nd5 h5 20. f4 Bg4 21. Qd2 h4 22. Rae1
h3 23. Bh1 exf4 24. Nxf4 Ne5 25. Bxd4 cxd4 26. Qf2 Bf6 27. Nh5 Bh8 28. Nf6+ Bxf6
29. Qxf6 Qxf6 30. Rxf6 Rfd8 31. Ref1 Rc7 32. Kf2 Kg7 33. Ke1 Be6 34. R6f2 Ng4
35. Rd2 Rc5 36. Bf3 Ne5 37. Kd1 Nxf3 38. Rxf3 Bg4 39. Rf2 Rd7 40. Kd2 Bxf3 41.
Rxf3 d5 42. exd5 Rdxd5 43. g4 Rg5 44. Rf4 f5 45. Rxd4 Rxg4 46. Rd7+ Kf6 47. Ne3 0-1

[Event "Sunway Sitges Open 2019"]
[Site "Sitges ESP"]
[Date "2019.12.15"]
[Round "3.50"]
[White "Dias, Savin"]
[Black "Han, Yichen"]
[Result "0-1"]
[BlackTitle "CM"]
[WhiteElo "1921"]
[BlackElo "2257"]
[WhiteFideId "442399"]
[BlackFideId "1054430"]
[EventDate "2019.12.13"]

1. e4 e5 2. Nf3 Nc6 3. Bc4 Nf6 4. d3 Be7 5. O-O O-O 6. Re1 d6 7. h3 Na5 8. Nc3
Nxc4 9. dxc4 b6 10. a4 a5 11. Qd3 c6 12. b3 Nd7 13. Ba3 Nc5 14. Bxc5 bxc5 15.
Rad1 Qe8 16. g4 g6 17. Kh1 Kh8 18. Nh2 f5 19. f3 Be6 20. exf5 gxf5 21. f4 fxg4
22. fxe5 Bh4 23. Rf1 g3 24. Ng4 Bxg4 25. hxg4 Qxe5 26. Rde1 g2+ 27. Kxg2 Bxe1
28. Rh1 Rf7 29. Qe4 Qg3# 0-1

[Event "Sunway Sitges Open 2019"]
[Site "Sitges ESP"]
[Date "2019.12.16"]
[Round "4.1"]
[White "Korobov, Anton"]
[Black "Shevchenko, Kirill"]
[Result "1-0"]
[WhiteTitle "GM"]
[BlackTitle "GM"]
[WhiteElo "2668"]
[BlackElo "2547"]
[WhiteFideId "14105730"]
[BlackFideId "14129574"]
[EventDate "2019.12.13"]

1. d4 Nf6 2. c4 g6 3. g3 Bg7 4. Bg2 O-O 5. Nc3 Nc6 6. Nf3 d5 7. cxd5 Nxd5 8. O-O
Nb6 9. e3 Re8 10. h3 e5 11. d5 Na5 12. Nd2 c6 13. dxc6 Nxc6 14. a4 a5 15. Nde4
Qe7 16. Nd6 Rd8 17. Nxc8 Raxc8 18. Qe2 Nb4 19. Qb5 Nc4 20. Qxb7 Qxb7 21. Bxb7
Rb8 22. Bg2 f5 23. e4 Nd2 24. Bxd2 Rxd2 25. Rad1 Rxb2 26. exf5 gxf5 27. Rd7 Rc2
28. Nd5 Nxd5 29. Rxd5 f4 30. Rxa5 fxg3 31. fxg3 Bf8 32. Be4 Rc3 33. Rb5 Bc5+ 34.
Kg2 Rxb5 35. axb5 Kg7 36. h4 Rb3 37. Bc6 Bb6 38. Rf5 Bd4 39. Kh3 h6 40. Kg4 Rb4
41. Kh5 Rc4 42. Bd5 Rc7 43. g4 Rd7 44. Be4 Rd8 45. Rf1 Rb8 46. Rb1 Bf2 47. Rb3
Bd4 48. Rb1 Bf2 49. Rb2 Bd4 50. Rc2 Rxb5 51. Rc7+ Kf8 52. Kxh6 Bf2 53. g5 Rb6+
54. g6 Bxh4 55. Kh7 Bf6 56. Bc6 1-0

[Event "Sunway Sitges Open 2019"]
[Site "Sitges ESP"]
[Date "2019.12.16"]
[Round "4.2"]
[White "Li, Di"]
[Black "Lagarde, Maxime"]
[Result "1-0"]
[WhiteTitle "GM"]
[BlackTitle "GM"]
[WhiteElo "2543"]
[BlackElo "2655"]
[WhiteFideId "8607508"]
[BlackFideId "662399"]
[EventDate "2019.12.13"]

1. Nf3 Nf6 2. c4 e6 3. g3 d5 4. d4 dxc4 5. Bg2 a6 6. O-O Nc6 7. Nbd2 Nxd4 8.
Nxc4 Nc6 9. Qxd8+ Nxd8 10. Nfe5 Nd5 11. Rd1 Be7 12. Bd2 f5 13. Rac1 Bf6 14. Nd3
Nc6 15. Kf1 O-O 16. Ne3 Nde7 17. Bc3 Rd8 18. f4 a5 19. a3 a4 20. h3 Kf8 21. Kf2
Bxc3 22. Rxc3 Ra5 23. Rdc1 Nd5 24. Rc4 Nxe3 25. Kxe3 e5 26. Bxc6 exf4+ 27. gxf4
bxc6 28. Rxc6 Ba6 29. Ne5 g5 30. Rf6+ Ke7 31. Rxf5 gxf4+ 32. Kxf4 Ke6 33. e4 1-0

[Event "Sunway Sitges Open 2019"]
[Site "Sitges ESP"]
[Date "2019.12.16"]
[Round "4.3"]
[White "Donchenko, Alexander"]
[Black "Narayanan, Srinath"]
[Result "1/2-1/2"]
[WhiteTitle "GM"]
[BlackTitle "GM"]
[WhiteElo "2644"]
[BlackElo "2529"]
[WhiteFideId "24603295"]
[BlackFideId "5018420"]
[EventDate "2019.12.13"]

1. d4 Nf6 2. c4 e6 3. g3 d5 4. Bg2 dxc4 5. Qa4+ Nbd7 6. Qxc4 c5 7. Nf3 a6 8. Qb3
cxd4 9. Nxd4 Nc5 10. Qe3 Nd5 11. Qd2 b5 12. Nc3 Bb7 13. Nxd5 Bxd5 14. Nc6 Qd6
15. Bxd5 exd5 16. Nd4 Ne4 17. Qd3 Qb4+ 18. Kf1 Qc4 19. Be3 Qxd3 20. exd3 Nc5 21.
Ke2 Ne6 22. a4 b4 23. f4 Kd7 24. Nf3 f6 25. Rac1 g6 26. Nd4 Nc5 27. b3 Bd6 28.
Rb1 Rhe8 29. Kd2 Re7 30. Rhe1 Rae8 31. Nf3 Nb7 32. Bd4 Rxe1 33. Nxe1 Re6 34. Nc2
Na5 35. Ne3 Nc6 36. f5 gxf5 37. Nxf5 Be5 38. Ba1 Na5 39. d4 Bc7 40. Ne3 Kc6 41.
Kd3 Kd6 42. Nc2 Nc6 43. Bb2 Re4 44. Bc1 Ke6 45. Be3 f5 46. Ne1 f4 47. Bf2 fxg3
48. hxg3 Rg4 49. Rc1 Kd7 50. Nf3 h5 51. Rg1 Ne7 52. Rh1 Bxg3 53. Rxh5 Rg7 1/2-1/2

[Event "Sunway Sitges Open 2019"]
[Site "Sitges ESP"]
[Date "2019.12.16"]
[Round "4.4"]
[White "Stefansson, Hannes"]
[Black "Sethuraman, S.P."]
[Result "0-1"]
[WhiteTitle "GM"]
[BlackTitle "GM"]
[WhiteElo "2538"]
[BlackElo "2638"]
[WhiteFideId "2300087"]
[BlackFideId "5021596"]
[EventDate "2019.12.13"]

1. d4 f5 2. g3 Nf6 3. Bg2 g6 4. Nf3 Bg7 5. O-O O-O 6. b4 d6 7. Bb2 c6 8. c4 Na6
9. Qb3 Kh8 10. Nc3 Nc7 11. Rad1 a5 12. a3 axb4 13. axb4 Be6 14. d5 cxd5 15. cxd5
Bg8 16. Nd4 Qe8 17. e3 Qf7 18. Ndb5 Nxb5 19. Nxb5 Rfc8 20. Nd4 Nxd5 21. Nxf5
gxf5 22. Bxd5 e6 23. Bxg7+ Kxg7 24. Qb2+ Kg6 25. Bf3 d5 26. Rd4 Rc4 27. Rxc4
dxc4 28. Qe5 Rc8 29. Rc1 Qc7 30. Qb5 b6 31. Rc3 Kf6 32. Qa6 e5 33. e4 f4 34.
gxf4 exf4 35. Bg4 Re8 36. Bf5 Rd8 37. Kg2 Bf7 38. Rh3 h5 39. Qa1+ Qe5 40. Qa7
Rg8+ 41. Kf3 Qd4 42. Qc7 Qd1+ 43. Kxf4 Rg4+ 44. Bxg4 Qxg4+ 45. Ke3 Qxh3+ 46. f3
Qe6 47. h4 Kg7 48. b5 Qf6 49. Qg3+ Qg6 50. Qe5+ Kh7 51. Qc7 Qf6 52. e5 Qe6 53.
f4 Kg6 0-1

[Event "Sunway Sitges Open 2019"]
[Site "Sitges ESP"]
[Date "2019.12.16"]
[Round "4.5"]
[White "Tabatabaei, M.amin"]
[Black "Aroshidze, Levan"]
[Result "1/2-1/2"]
[WhiteTitle "GM"]
[BlackTitle "GM"]
[WhiteElo "2635"]
[BlackElo "2514"]
[WhiteFideId "12521213"]
[BlackFideId "13601865"]
[EventDate "2019.12.13"]

1. e4 c5 2. Nf3 e6 3. d4 cxd4 4. Nxd4 Nc6 5. Nc3 Qc7 6. g3 a6 7. Bg2 Nf6 8. O-O
Nxd4 9. Qxd4 Bc5 10. Bf4 d6 11. Qd2 h6 12. Rad1 e5 13. Be3 Be6 14. Bxc5 dxc5 15.
a4 Rd8 16. Nd5 Bxd5 17. exd5 Qd6 18. Rfe1 O-O 19. a5 Rfe8 20. Re3 c4 21. Qe2 Rc8
22. Rc3 Qb4 23. d6 Qxb2 24. Rf3 Rcd8 25. Qxc4 Rc8 26. Qa4 Qxc2 27. Ra3 Qxa4 28.
Rxa4 Rb8 29. Rb4 e4 30. d7 Red8 31. Bh3 Kf8 32. f3 Ke7 33. Kf2 exf3 34. Kxf3 Nh7
35. Ke3 Nf8 36. Rdb1 Ne6 37. Bf1 Rxd7 38. Bxa6 Ra8 39. Bxb7 Rxa5 40. Bc6 Rc7 41.
Rb7 Ra2 42. Rxc7+ Nxc7 43. h4 Ra3+ 44. Kf2 Rc3 45. Bf3 Ne6 46. Rb7+ Kf6 47. Bd5
Rc5 48. Bb3 g5 49. hxg5+ hxg5 50. Kg2 Re5 51. Bxe6 fxe6 52. Kf3 1/2-1/2

[Event "Sunway Sitges Open 2019"]
[Site "Sitges ESP"]
[Date "2019.12.16"]
[Round "4.6"]
[White "Kelires, Andreas"]
[Black "Vocaturo, Daniele"]
[Result "1/2-1/2"]
[WhiteTitle "GM"]
[BlackTitle "GM"]
[WhiteElo "2510"]
[BlackElo "2627"]
[WhiteFideId "5900727"]
[BlackFideId "813192"]
[EventDate "2019.12.13"]

1. d4 Nf6 2. c4 e6 3. g3 c5 4. d5 exd5 5. cxd5 d6 6. Nc3 g6 7. Bg2 Bg7 8. Nf3
O-O 9. O-O Re8 10. Bf4 Bf5 11. Bg5 h6 12. Bxf6 Bxf6 13. Nd2 Bc8 14. Nc4 Bxc3 15.
bxc3 b5 16. Nd2 Nd7 17. e4 Rb8 18. f4 c4 19. Kh1 Nc5 20. f5 Nd3 21. a4 a6 22.
axb5 axb5 23. fxg6 fxg6 24. Qf3 Ne5 25. Qe3 Rb7 26. Ra8 Kg7 27. Nf3 Nxf3 28.
Rxf3 Qe7 29. Qd4+ Kh7 30. Rf1 Bh3 1/2-1/2

[Event "Sunway Sitges Open 2019"]
[Site "Sitges ESP"]
[Date "2019.12.16"]
[Round "4.7"]
[White "Narayanan, S.L."]
[Black "Yankelevich, Lev"]
[Result "1-0"]
[WhiteTitle "GM"]
[BlackTitle "IM"]
[WhiteElo "2626"]
[BlackElo "2472"]
[WhiteFideId "5058422"]
[BlackFideId "24684074"]
[EventDate "2019.12.13"]

1. e4 e5 2. Nf3 Nc6 3. Bb5 a6 4. Ba4 Nf6 5. O-O Be7 6. Re1 b5 7. Bb3 O-O 8. h3
Bb7 9. d3 d5 10. exd5 Nxd5 11. a4 Nd4 12. Nbd2 Qd6 13. Ne4 Qd8 14. Nxd4 exd4 15.
Qh5 h6 16. Bxh6 gxh6 17. Qxh6 Rb8 18. axb5 axb5 19. Ra7 Bc8 20. Bxd5 Qxd5 21.
Rxc7 Bd8 22. Nf6+ Bxf6 23. Qxf6 Qf5 24. Qxd4 Qh7 25. Re3 Bf5 26. Rg3+ Bg6 27. f4
Rfd8 28. Qf6 Rd5 29. f5 1-0

[Event "Sunway Sitges Open 2019"]
[Site "Sitges ESP"]
[Date "2019.12.16"]
[Round "4.9"]
[White "Song, Raymond"]
[Black "Melkumyan, Hrant"]
[Result "1/2-1/2"]
[WhiteTitle "IM"]
[BlackTitle "GM"]
[WhiteElo "2468"]
[BlackElo "2668"]
[WhiteFideId "3203824"]
[BlackFideId "13302485"]
[EventDate "2019.12.13"]

1. d4 Nf6 2. c4 g6 3. g3 Bg7 4. Bg2 O-O 5. Nf3 d5 6. cxd5 Nxd5 7. O-O Nc6 8. e3
Nb6 9. Nc3 Re8 10. Nh4 a5 11. f4 a4 12. Kh1 Nb4 13. Ne4 Be6 14. Bd2 Na6 15. Qc2
Bd5 16. f5 Rf8 17. Ng5 Bxg2+ 18. Nxg2 Qd5 19. Bc3 Qc6 20. Rac1 Rad8 21. fxg6
hxg6 22. Qe2 Rd5 23. Qg4 Bh6 24. Nf3 Qd7 25. Qe4 Rf5 26. Qxb7 Qb5 27. Qe4 Nd5
28. Kg1 a3 29. bxa3 Qe2 30. g4 Nf6 31. Qxe7 Rxf3 32. Rxf3 Qxf3 33. Rf1 Qc6 34.
Qxf6 Qxc3 35. g5 Bg7 36. Qxa6 c5 37. dxc5 Qxc5 38. h4 Qc2 39. a4 Qxa2 40. Qc6
Rd8 41. Qf3 Be5 42. a5 Qd5 43. Qxd5 Rxd5 44. Kf2 Rxa5 45. Kf3 Kf8 46. Nf4 Bxf4
47. exf4 Ra3+ 48. Kg4 f5+ 49. gxf6 Kf7 1/2-1/2

[Event "Sunway Sitges Open 2019"]
[Site "Sitges ESP"]
[Date "2019.12.16"]
[Round "4.10"]
[White "Krysa, Leandro"]
[Black "Nihal, Sarin"]
[Result "1/2-1/2"]
[WhiteTitle "GM"]
[BlackTitle "GM"]
[WhiteElo "2527"]
[BlackElo "2612"]
[WhiteFideId "116807"]
[BlackFideId "25092340"]
[EventDate "2019.12.13"]

1. c4 e5 2. Nc3 Nf6 3. Nf3 Nc6 4. g3 Bb4 5. Nd5 a5 6. Bg2 d6 7. O-O O-O 8. d4
Nxd5 9. cxd5 Nxd4 10. Nxd4 exd4 11. Qxd4 Re8 12. e3 Bc5 13. Qf4 Qd7 14. Bd2 Qf5
15. Bc3 Qxf4 16. gxf4 Bg4 17. b3 f6 18. a3 Kf7 19. b4 axb4 20. axb4 Bb6 21. h3
Bd7 22. Kh2 Rxa1 23. Rxa1 g5 24. fxg5 fxg5 25. Rd1 Bf5 26. Bd4 Bxd4 27. Rxd4 Kf6
28. Bf3 Ke5 29. Kg3 h6 30. Rc4 Re7 31. Rd4 1/2-1/2

[Event "Sunway Sitges Open 2019"]
[Site "Sitges ESP"]
[Date "2019.12.16"]
[Round "4.11"]
[White "Karthikeyan, Murali"]
[Black "Gordon, Stephen J"]
[Result "0-1"]
[WhiteTitle "GM"]
[BlackTitle "GM"]
[WhiteElo "2611"]
[BlackElo "2495"]
[WhiteFideId "5074452"]
[BlackFideId "411477"]
[EventDate "2019.12.13"]

1. e4 c5 2. Nf3 d6 3. d4 cxd4 4. Nxd4 Nf6 5. Nc3 a6 6. Be2 e5 7. Nb3 Be7 8. Be3
Be6 9. O-O O-O 10. Bf3 Nbd7 11. a4 Qc7 12. Re1 h6 13. h3 Rfc8 14. a5 Bf8 15. g4
Be7 16. Re2 b5 17. Nd5 Bxd5 18. exd5 Nh7 19. Be4 Bg5 20. Bxh7+ Kxh7 21. Bxg5
hxg5 22. Nd2 f6 23. Ne4 Nc5 24. Ng3 b4 25. Qd2 Rab8 26. Kg2 Kg6 27. Re3 Kf7 28.
Rf3 Kg8 29. Rh1 Nd7 30. c3 Qxa5 31. h4 bxc3 32. bxc3 Rc4 33. hxg5 Rxg4 34. Rh5
Rf8 35. Kh3 Rxg5 36. Rxg5 fxg5 37. Rxf8+ Kxf8 38. Qxg5 Nf6 39. c4 Qc3 40. f4 Qe3
41. Kh2 Qxf4 42. Qxf4 exf4 43. Nf5 Ne4 44. Kg2 g6 45. Nd4 Kf7 46. Ne6 f3+ 47.
Kxf3 Nd2+ 48. Ke3 Nxc4+ 49. Kd4 Ne5 50. Ng5+ Ke7 51. Kc3 Nd7 52. Kb4 Kf6 53. Nh3
g5 54. Ka5 Nc5 55. Kb6 g4 0-1

[Event "Sunway Sitges Open 2019"]
[Site "Sitges ESP"]
[Date "2019.12.16"]
[Round "4.12"]
[White "Lobanov, Sergei"]
[Black "Durarbayli, Vasif"]
[Result "0-1"]
[WhiteTitle "IM"]
[BlackTitle "GM"]
[WhiteElo "2504"]
[BlackElo "2609"]
[WhiteFideId "24183750"]
[BlackFideId "13402935"]
[EventDate "2019.12.13"]

1. e4 c5 2. Nf3 d6 3. d4 cxd4 4. Nxd4 Nf6 5. Nc3 a6 6. h3 g6 7. g4 Bg7 8. Be3
O-O 9. g5 Nh5 10. Qd2 Nc6 11. Nb3 Be6 12. Be2 Rc8 13. Bxh5 gxh5 14. O-O-O Ne5
15. Qe2 Rxc3 16. bxc3 Qd7 17. Rd4 Nc4 18. Nc5 Qb5 19. Nxe6 Qb2+ 20. Kd1 Nxe3+
21. Qxe3 fxe6 22. Rd3 Be5 23. Qc1 Qxa2 24. Ke2 Qc4 25. f3 Bxc3 26. Rg1 Kg7 27.
Qb1 b5 28. Qb3 Rc8 29. Rb1 b4 30. Qa4 h4 31. Rb3 Kf7 32. Rb1 Rc5 0-1

[Event "Sunway Sitges Open 2019"]
[Site "Sitges ESP"]
[Date "2019.12.16"]
[Round "4.13"]
[White "Adly, Ahmed"]
[Black "Erenberg, Ariel"]
[Result "0-1"]
[WhiteTitle "GM"]
[BlackTitle "IM"]
[WhiteElo "2607"]
[BlackElo "2479"]
[WhiteFideId "10601619"]
[BlackFideId "2811634"]
[EventDate "2019.12.13"]

1. d4 Nf6 2. Nf3 e6 3. g3 d5 4. Bg2 Nbd7 5. O-O Be7 6. c4 dxc4 7. Qc2 O-O 8.
Qxc4 a6 9. Qc2 c5 10. Rd1 Qc7 11. e4 b5 12. Bf4 Qa7 13. d5 exd5 14. exd5 Bb7 15.
d6 Bd8 16. Nc3 Rc8 17. Ne5 Bxg2 18. Kxg2 b4 19. Na4 Qb7+ 20. Kg1 Nxe5 21. Bxe5
Nd7 22. Re1 c4 23. Rad1 Qb5 24. Bf4 Bf6 25. Re4 c3 26. Qb3 cxb2 27. Rxb4 Qe2 28.
Kg2 a5 29. Rb7 Rb8 0-1

[Event "Sunway Sitges Open 2019"]
[Site "Sitges ESP"]
[Date "2019.12.16"]
[Round "4.16"]
[White "Santos Latasa, Jaime"]
[Black "Janik, Igor"]
[Result "1-0"]
[WhiteTitle "GM"]
[BlackTitle "IM"]
[WhiteElo "2585"]
[BlackElo "2466"]
[WhiteFideId "2293307"]
[BlackFideId "1159259"]
[EventDate "2019.12.13"]

1. e4 e5 2. Nf3 Nc6 3. Bb5 a6 4. Ba4 Nf6 5. O-O b5 6. Bb3 Bc5 7. a4 Rb8 8. Nxe5
Nxe5 9. d4 Bxd4 10. Qxd4 d6 11. Bf4 O-O 12. f3 c5 13. Qd2 c4 14. Ba2 Qb6+ 15.
Be3 Qc7 16. Nc3 b4 17. Ne2 Be6 18. Bd4 Rfe8 19. Ng3 Qe7 20. f4 Red8 21. a5 Ned7
22. Qe3 Re8 23. Rae1 c3 24. Bxe6 Qxe6 25. bxc3 bxc3 26. Qxc3 Rec8 27. Qd3 Rb5
28. Nf5 Ne8 29. c3 Rxa5 30. Qf3 Ndf6 31. Re3 d5 32. Qh3 dxe4 33. Ne7+ Qxe7 34.
Qxc8 Nd5 35. Re2 f5 36. Rb2 Nc7 37. Bb6 Rc5 38. Bxc5 Qxc5+ 39. Kh1 Kf7 40. Qd7+
Kg6 41. Qd4 Qxd4 42. cxd4 Nb5 43. Rb4 Nec7 44. Ra1 Kf6 45. g3 Ke6 46. Rxa6+ Nxa6
47. Rxb5 Nc7 48. Re5+ Kf6 49. d5 Nb5 50. Kg2 g6 51. Kf2 Kf7 52. Ke3 Na3 53. Kd4 1-0